The Labour Market Situation in the Visegrad Countries
Štúdia prezentuje situáciu na trhu práce v krajinách Vyšehradskej štvorky (Česko, Poľsko, Maďarsko a Slovensko). Súčasný stav nezamestnanosti v krajinách V4. Občania V4 na trhu práce v iných krajinách EÚ. Miera nezamestnanosti v krajinách V4.
Na minha lista:
| Autor principal: | |
|---|---|
| Formato: | Capítulo de Livro |
| Idioma: | inglês |
| Assuntos: | |
| Tags: |
Sem tags, seja o primeiro a adicionar uma tag!
|
MARC
| LEADER | 00000naa a2200000 4500 | ||
|---|---|---|---|
| 001 | 0289360 | ||
| 005 | 20250528102544.2 | ||
| 041 | 0 | |a eng | |
| 044 | |a TH | ||
| 245 | 1 | 0 | |a The Labour Market Situation in the Visegrad Countries |c Zsolt Horbulák |
| 520 | |a Štúdia prezentuje situáciu na trhu práce v krajinách Vyšehradskej štvorky (Česko, Poľsko, Maďarsko a Slovensko). Súčasný stav nezamestnanosti v krajinách V4. Občania V4 na trhu práce v iných krajinách EÚ. Miera nezamestnanosti v krajinách V4. | ||
| 610 | 2 | 0 | |a trh práce |
| 610 | 2 | 0 | |a miera zamestnanosti |
| 610 | 2 | 0 | |a sily pracovné |
| 610 | 2 | 0 | |a nezamestnanosť |
| 610 | 2 | 0 | |a pandémia |
| 610 | 2 | 0 | |a Vyšehradská štvorka |
| 610 | 2 | 0 | |a Európska únia |
| 100 | 1 | |a Horbulák, Zsolt, 1972- | |